Which of the Two... Products Quiz Stats

 Plays Quiz Updated May 24, 2016

Challenge
Share
Tweet
Embed
Score 0/24 Timer 06:00
1 Play Today
Which product/brand... A or B % Correct
...makes use of the slogan 'Taste the Rainbow'?
(A) Skittles or (B) M&M's
???
94.9%
...has the mascot Tony the Tiger?
(A) Frosted Flakes or (B) Corn Flakes
???
93%
...offered the '$5 Footlong' promotion for more than a decade?
(A) Quiznos or (B) Subway
???
92.5%
...uses the 'Swoosh' logo?
(A) Adidas or (B) Nike
???
92.3%
...is produced by Sony?
(A) PlayStation or (B) Wii
???
91.8%
...has locations in more countries worldwide?
(A) McDonald's or (B) Burger King
???
91.4%
...appears in the chorus of Katy Perry's 'I Kissed a Girl'?
(A) Kleenex or (B) ChapStick
???
90.3%
...is known for its brown delivery trucks and uniforms?
(A) FedEx or (B) UPS
???
89.8%
...uses a logo resembling a peacock?
(A) ABC or (B) NBC
???
88.8%
...was found to be a 'potato crisp' in UK court in 2008/2009?
(A) Pringles or (B) Doritos
???
86.6%
...of auto insurance has Flo as its spokesperson?
(A) Progressive or (B) Geico
???
85.6%
...was pitched in US commercials by Billy Mays?
(A) The Clapper or (B) OxiClean
???
81.2%
Which product/brand... A or B % Correct
...topped Forbes' 2015 Most Valuable Brands at $145.3 billion?
(A) Apple or (B) Microsoft
???
75.7%
...has its headquarters in Atlanta, Georgia?
(A) Pepsi or (B) Coca-Cola
???
75.2%
...has at least one location in all 50 US states?
(A) Dunkin' Donuts or (B) Starbucks
???
71.1%
...is a conglomerate headquartered in Seoul, South Korea?
(A) Toshiba or (B) Samsung
???
70.8%
...comes from the Danish for 'Play well'?
(A) Play-Doh or (B) Lego
???
67.6%
...debuted at the American International Toy Fair in 1959?
(A) G.I. Joe or (B) Barbie
???
66.4%
...uses symbol code 'F' on the New York Stock Exchange?
(A) Ford Motor Company or (B) Facebook Inc
???
65.7%
...of peanut butter is mentioned in the song 'Uptown Funk'?
(A) Skippy or (B) Jif
???
65%
...was invented by Richard James in the early 1940s?
(A) Slinky or (B) Yo-Yo
???
64.2%
...is licensed to The Hershey Company by Nestlé?
(A) Kit Kat or (B) Milky Way
???
63.9%
...was founded in Washington (state) in 1994?
(A) Amazon or (B) eBay
???
62.9%
...was invented by Richard Knerr and Arthur 'Spud' Melin?
(A) Rubik's Cube or (B) Hula Hoop
???
60.7%

You're not logged in!

Compare scores with friends on all Sporcle quizzes.
Join for Free
OR
Log In

You Might Also Like...

Show Comments

Extras

Top Quizzes Today


Score Distribution

Your Account Isn't Verified!

In order to create a playlist on Sporcle, you need to verify the email address you used during registration. Go to your Sporcle Settings to finish the process.

Report this User

Report this user for behavior that violates our Community Guidelines.

Details: